000 00231nam a22000857a 4500
008 160630b xxu||||| |||| 00| 0 eng d
100 _91525
_aMurthy, J.K
245 _aHandbook of Physical Education & Sports
260 _aN.D
_bCommon Wealth
999 _c1259
_d1259